Chemical analyses of Australian rocks / (Record no. 29801)

MARC details
000 -LEADER
fixed length control field 00853cam a22002411a 4500
001 - CONTROL NUMBER
control field gs 64000108
003 - CONTROL NUMBER IDENTIFIER
control field DLC
005 - DATE AND TIME OF LATEST TRANSACTION
control field 20260227111413.0
008 - FIXED-LENGTH DATA ELEMENTS--GENERAL INFORMATION
fixed length control field 810922m19639999at f000 0 eng c
010 ## - LIBRARY OF CONGRESS CONTROL NUMBER
LC control number gs 64000108
035 ## - SYSTEM CONTROL NUMBER
System control number (OCoLC)7780942
040 ## - CATALOGING SOURCE
Original cataloging agency U.S. Geol. Survey. Libr.
Transcribing agency NBuU
Modifying agency NBuU
-- ICRL
-- DLC
042 ## - AUTHENTICATION CODE
Authentication code premarc
050 00 - LIBRARY OF CONGRESS CALL NUMBER
Classification number QE340
Item number .A39 no. 65
100 1# - MAIN ENTRY--PERSONAL NAME
Personal name Joplin, Germaine A.
245 10 - TITLE STATEMENT
Title Chemical analyses of Australian rocks /
Statement of responsibility, etc. G.A. Joplin.
260 ## - PUBLICATION, DISTRIBUTION, ETC.
Place of publication, distribution, etc. [Canberra?]
Name of publisher, distributor, etc. Australian Govt. Pub. Service,
Date of publication, distribution, etc. 1963-
300 ## - PHYSICAL DESCRIPTION
Extent v.
Dimensions 25 cm.
490 1# - SERIES STATEMENT
Series statement Bulletin / Dept. of National Developemnt, Bureau of Mineral Resources, Geology and Geophysics ;
Volume/sequential designation no. 65
650 #0 - SUBJECT ADDED ENTRY--TOPICAL TERM
Topical term or geographic name entry element Rocks
General subdivision Analysis.
650 #0 - SUBJECT ADDED ENTRY--TOPICAL TERM
Topical term or geographic name entry element Petrology
Geographic subdivision Australia.
830 #0 - SERIES ADDED ENTRY--UNIFORM TITLE
Uniform title Bulletin (Australia. Bureau of Mineral Resources, Geology and Geophysics) ;
Volume/sequential designation no. 65.

No items available.

Powered by Koha